Zoology

A general zoology text, covering cellular chemistry; basic biological concepts; evolution; behavior and ecology; animal organization and classification; cladistic analysis; and animal form and function. Learning aids include chapter outlines and preview questions, boxed readings on current topics, t...

Full beskrivning

Sparad:
Bibliografiska uppgifter
Huvudupphovsman: Miller, Stephen A.
Materialtyp: Bok
Språk:Undetermined
Publicerad: Boston McGraw-Hill 2002
Ämnen:
Taggar: Lägg till en tagg
Inga taggar, Lägg till första taggen!
Thư viện lưu trữ: Trung tâm Học liệu Trường Đại học Cần Thơ
LEADER 00990nam a2200193Ia 4500
001 CTU_117097
008 210402s9999 xx 000 0 und d
082 |a 590 
082 |b M647 
100 |a Miller, Stephen A. 
245 0 |a Zoology 
245 0 |c Stephen A. Miller, John P. Harley 
260 |a Boston 
260 |b McGraw-Hill 
260 |c 2002 
520 |a A general zoology text, covering cellular chemistry; basic biological concepts; evolution; behavior and ecology; animal organization and classification; cladistic analysis; and animal form and function. Learning aids include chapter outlines and preview questions, boxed readings on current topics, taxonomic summaries and cladograms, visual cues to key concepts, and chapter summaries and questions. Contains color photos throughout, and a glossary. Many supplementary materials for teachers and students are available. 
650 |a Zoology 
904 |i Giang 
980 |a Trung tâm Học liệu Trường Đại học Cần Thơ